WWE Singles Title Reigns Shorter than a week - Statistics

General Stats
  • This quiz has been taken 111 times
  • The average score is 30 of 51
Answer Stats
Reign dates (Belt in Parentheses) Answer % Correct
February 21, 2010 (WWE) John Cena
81%
October 3-7, 2004 (US Title) John Cena
81%
July 25, 2011 (WWE) Rey Mysterio
81%
June 28-29, 1998 (WWF) Kane
80%
August 21-22, 2016 (Universal) Finn Balor
77%
November 22, 2015 (WWE) Seth Rollins
77%
June 19, 2016 (WWE) Seth Rollins
77%
October 7, 2007 (WWE) Triple H
76%
April 5-12, 2001 (Intercontinental) Triple H
76%
October 20, 2002 (Intercontinental) Triple H
76%
April 7-8, 2013 (Intercontinental) The Miz
75%
September 21-22, 2014 (Intercontinental) The Miz
75%
August 18, 2013 (WWE) Daniel Bryan
74%
September 15, 2013 (WWE) Daniel Bryan
74%
October 7, 2007 (WWE) Randy Orton
74%
January 24-31, 1999 (WWF) The Rock
70%
May 19, 2019 (Smackdown Womens) Charlotte Flair
69%
October 6-11, 2019 (Smackdown Womens) Charlotte Flair
69%
July 18-19, 2021 (Raw Womens) Charlotte Flair
69%
February 5, 1988 (WWF) Andre the Giant
68%
February 16-17, 1997 (WWF) Bret Hart
68%
May 17-24, 2010 (US Title) Bret Hart
68%
May 4-8, 2000 (Intercontinental) Chris Jericho
68%
October 27, 2003 (Intercontinental) Chris Jericho
68%
April 30-May 2, 2017 (US Title) Chris Jericho
68%
December 3-7, 1991 (WWF) Hulk Hogan
67%
April 4, 1993 (WWF) Yokozuna
65%
August 22-23, 1999 (WWF) Mankind
64%
July 24-25, 1999 (Intercontinental) Edge
61%
November 12-18, 2001 (US Title) Edge
61%
November 27-December 3, 1991 (WWF) The Undertaker
61%
April 12-16, 2001 (Intercontinental) Jeff Hardy
59%
July 23-25, 2017 (US Title) Kevin Owens
58%
September 16-20, 1999 (WWF) Vince McMahon
57%
Septmeber 17-18, 2006 (WWE Womens) Trish Stratus
51%
June 7-9, 2009 (WWE) Batista
50%
April 23-29, 2012 (Divas Championship) Nikki Bella
48%
August 23-30, 2020 (Universal) "The Fiend" Bray Wyatt
48%
April 3-4, 2016 (Intercontinental) Zack Ryder
47%
November 23-26, 1994 (WWF) Bob Backlund
44%
August 22-26, 2020 (NXT Mens) Karrion Kross
40%
April 24, 2007 (WWE Womens) Mickie James
40%
May 19-22, 1995 (Intercontinental) Razor Ramon
35%
January 27-29, 2019 (US Title) Shinsuke Nakamura
33%
July 25-26, 1999 (Intercontinental) Jeff Jarrett
31%
October 12, 2009 (Divas Championship) Jillian Hall
28%
January 11-14, 2016 (US Title) Kalisto
26%
October 22, 1995 (Intercontinental) Dean Douglas
25%
January 17-19, 1992 (Intercontinental) The Mountie
23%
November 6-13, 2006 (Intercontinental) Johnny Nitro
13%
January 31-February 1, 2000 (WWF Womens) Harvey Whippleman
7%
No matching quizzes found
Score Distribution
Percent of People with Each Score
Percentile by Number Answered
Your Score History
You have not taken this quiz